Industrialized countries' policies affecting foreign direct investment in developing countries (Record no. 86230)

MARC details
000 -LEADER
fixed length control field 00829nam a2200241 4500
003 - CONTROL NUMBER IDENTIFIER
control field CBULib
005 - DATE AND TIME OF LATEST TRANSACTION
control field 20250604085114.0
008 - FIXED-LENGTH DATA ELEMENTS--GENERAL INFORMATION
fixed length control field 250604b |||||||| |||| 00| 0 eng d
020 ## - INTERNATIONAL STANDARD BOOK NUMBER
International Standard Book Number 0821318985
040 ## - CATALOGING SOURCE
Original cataloging agency CBULib
Language of cataloging English
Transcribing agency CBULib
Description conventions rda
041 ## - LANGUAGE CODE
Language code of text/sound track or separate title eng
050 ## - LIBRARY OF CONGRESS CALL NUMBER
Classification number IBRD(06)PAS/1
110 ## - MAIN ENTRY--CORPORATE NAME
9 (RLIN) 4491
Corporate name or jurisdiction name as entry element The World Bank(IBRD)
245 ## - TITLE STATEMENT
Title Industrialized countries' policies affecting foreign direct investment in developing countries
Statement of responsibility, etc / by The World Bank(IBRD)
260 ## - PUBLICATION, DISTRIBUTION, ETC. (IMPRINT)
Place of publication, distribution, etc Washington :
Name of publisher, distributor, etc World Bank,
Date of publication, distribution, etc 1991.
300 ## - PHYSICAL DESCRIPTION
Extent 40 pages
336 ## - CONTENT TYPE
Source rdacontent
Content type term Text |
Content type code txt
337 ## - MEDIA TYPE
Source rdamedia
Media type term Unmediated |
Media type code n
338 ## - CARRIER TYPE
Source rdacarrier
Carrier type term Volume
Carrier type code nc
650 ## - SUBJECT ADDED ENTRY--TOPICAL TERM
Topical term or geographic name as entry element INVESTMENTS, FOREIGN--GOVERNMENT POLICY--CASE STUDIES
650 ## - SUBJECT ADDED ENTRY--TOPICAL TERM
Topical term or geographic name as entry element INVESTMENTS, FOREIGN--GOVERNMENT POLICY--DEVELOPING COUNTRIES
942 ## - ADDED ENTRY ELEMENTS (KOHA)
Source of classification or shelving scheme
Koha item type INTERNATIONAL PUBLICATIONS

No items available.